<?xml version="1.0" encoding="UTF-8"?><?xml-stylesheet type="text/xsl" href="static/style.xsl"?><OAI-PMH xmlns="http://www.openarchives.org/OAI/2.0/" xmlns:xsi="http://www.w3.org/2001/XMLSchema-instance" xsi:schemaLocation="http://www.openarchives.org/OAI/2.0/ http://www.openarchives.org/OAI/2.0/OAI-PMH.xsd"><responseDate>2026-06-03T09:01:09Z</responseDate><request verb="GetRecord" identifier="oai:riuma.uma.es:10630/40296" metadataPrefix="marc">https://riuma.uma.es/rest/oai/request</request><GetRecord><record><header><identifier>oai:riuma.uma.es:10630/40296</identifier><datestamp>2026-02-03T10:48:42Z</datestamp><setSpec>com_10630_2254</setSpec><setSpec>col_10630_37953</setSpec></header><metadata><record xmlns="http://www.loc.gov/MARC21/slim" xmlns:dcterms="http://purl.org/dc/terms/" xmlns:doc="http://www.lyncode.com/xoai" xmlns:xsi="http://www.w3.org/2001/XMLSchema-instance" xsi:schemaLocation="http://www.loc.gov/MARC21/slim http://www.loc.gov/standards/marcxml/schema/MARC21slim.xsd">
   <leader>00925njm 22002777a 4500</leader>
   <datafield ind2=" " ind1=" " tag="042">
      <subfield code="a">dc</subfield>
   </datafield>
   <datafield ind2=" " ind1=" " tag="720">
      <subfield code="a">Pérez-Merchán, Antonio Manuel</subfield>
      <subfield code="e">author</subfield>
   </datafield>
   <datafield ind2=" " ind1=" " tag="720">
      <subfield code="a">Moreno-Tost, Ramón</subfield>
      <subfield code="e">author</subfield>
   </datafield>
   <datafield ind2=" " ind1=" " tag="720">
      <subfield code="a">Malpartida-García, Irene</subfield>
      <subfield code="e">author</subfield>
   </datafield>
   <datafield ind2=" " ind1=" " tag="720">
      <subfield code="a">García-Sancho, Cristina</subfield>
      <subfield code="e">author</subfield>
   </datafield>
   <datafield ind2=" " ind1=" " tag="720">
      <subfield code="a">Mérida-Robles, Josefa María</subfield>
      <subfield code="e">author</subfield>
   </datafield>
   <datafield ind2=" " ind1=" " tag="720">
      <subfield code="a">Maireles-Torres, Pedro Jesús</subfield>
      <subfield code="e">author</subfield>
   </datafield>
   <datafield ind2=" " ind1=" " tag="260">
      <subfield code="c">2025</subfield>
   </datafield>
   <datafield ind2=" " ind1=" " tag="520">
      <subfield code="a">Spent coffee grounds (SCGs) are an abundant lignocellulosic biomass with significant potential for industrial valorization, with great social and environmental benefits, due to their rich composition in cellulose, hemicellulose and lignin. In this study, the organosolv process, a method widely used in the paper industry, was employed to efficiently fractionate SCGs into their primary components. Hemicellulosic liquors containing up to 25 wt% sugars, predominantly galactose and mannose, were successfully extracted and subsequently dehydrated to produce 5-hydroxymethylfurfural (5-HMF), reaching a maximum yield of 90 % within 15 min of reaction time. The residual cellulose and lignin fractions were characterized by X-ray diffraction (XRD) and Fourier-transform infrared spectroscopy (FTIR), confirming their effective separation. These findings highlight the viability of SCGs as a sustainable feedstock for biorefinery applications, contributing to waste valorization and the development of a circular economy.</subfield>
   </datafield>
   <datafield ind1="8" ind2=" " tag="024">
      <subfield code="a">Antonio M. Pérez-Merchán, Ramón Moreno-Tost, Irene Malpartida-García, Cristina García-Sancho, Josefa M. Mérida-Robles, Pedro Maireles-Torres, An integrated biorefinery approach based on spent coffee grounds valorization, Journal of Cleaner Production, Volume 528, 2025, 146716, ISSN 0959-6526, https://doi.org/10.1016/j.jclepro.2025.146716</subfield>
   </datafield>
   <datafield ind1="8" ind2=" " tag="024">
      <subfield code="a">https://hdl.handle.net/10630/40296</subfield>
   </datafield>
   <datafield ind1="8" ind2=" " tag="024">
      <subfield code="a">10.1016/j.jclepro.2025.146716</subfield>
   </datafield>
   <datafield tag="653" ind2=" " ind1=" ">
      <subfield code="a">Café - Uso</subfield>
   </datafield>
   <datafield ind2="0" ind1="0" tag="245">
      <subfield code="a">An integrated biorefinery approach based on spent coffee grounds valorization</subfield>
   </datafield>
</record>
</metadata></record></GetRecord></OAI-PMH>